000 00766nam a22002177a 4500
003 OSt
005 20150408114111.0
008 130126s2011 jo a g b 00| 0dara d
020 _a9789957067212
040 _aMU
082 0 4 _221
_a362.4
_bز أ د
100 1 _aأبو زيد، أحمد محمد
_919750
245 _aدراسة الحالة لذوي الاحتياجات الخاصة =
_bPeople with special needs /
_cأحمد محمد أبو زيد.
246 3 1 _aPeople with special needs
250 _aط. 1.
260 _aعمان، الأردن :
_bدار المسيرة،
_c2011.
300 _a304 ص. :
_bجداول ؛
_c24 سم.
504 _aببليوجرافية : ص. 291-304.
650 4 _aالمعوقون
_xرعاية.
_914984
942 _2ddc
_cDVD
999 _c27004
_d261504